ბათუმის შოთა რუსთაველის სახელმწიფო უნივერსიტეტის ბიბლიოთეკა

ხელისუფლების თვითშეზღუდვა : (ბიბ.ჩანაწერი № 59379)

000 -ლიდერი
ფიქსირებული სიგრძის საკონტროლო ველი 01708nam a22002777a 4500
003 - საკონტროლო ნომრის იდენტიფიკატორი
საკონტროლო ველი Ge_BSU
005 - ბოლო ოპერაციის თარიღი და დრო
საკონტროლო ველი 20230201120730.0
008 - ფიქსირებული სიგრძის მონაცემთა ელემენტები - ზოგადი ინფორმაცია
ფიქსირებული სიგრძის საკონტროლო ველი 230201s2003 ge ||||| |||| 00| 0 geo d
020 ## - წიგნის საერთაშორისო სტანდარტული ნომერი
International Standard Book Number 9992807482
041 ## - ენის კოდი
Language code of text/sound track or separate title geo
080 ## - უნივერსალური ათობითი კლასიფიკაციის ინდექსი
Universal Decimal Classification number 342.4 შ-16
100 ## - მთავარი ჩანაწერი - პიროვნების სახელი
Personal name შაიო, ანდრაშ
9 (RLIN) 16849
245 ## - ცნობა სათაურის შესახებ
Title ხელისუფლების თვითშეზღუდვა :
Remainder of title კონსტიტუციონალიზმის შესავალი /
Statement of responsibility, etc მთარგმნ.: მარინა მაისურაძე ; სტივენ ჰოლმსის წინათქმით ; მეცნ. რედ. და წინათქმა თევდორე ნინიძისა ; რედ.: მაია მენაღარიშვილი.
264 ## - წარმოების, გამოცემის, დისტრიბუციის და სხვა ცნობები
გამოცემის, წარმოების, დისტრიბუციის... ადგილი თბილისი :
გამოცემის, წარმოების, დისტრიბუციის... სახელწოდება აირის საქართველო,
გამოცემის, წარმოების, დისტრიბუციის... თარიღი 2003.
300 ## - ფიზიკური აღწერა
Extent 358გვ. ;
Other physical details 24სმ.
501 ## - შენიშვნა თანმხლებ მასალაზე
With note პარალ. თავფ. ინგლ. ენ.
504 ## - BIBLIOGRAPHY, ETC. NOTE
Bibliography, etc ბიბლიოგრ. ტექსტის შენიშვნებში.
653 ## - INDEX TERM--UNCONTROLLED
Uncontrolled term კონსტიტუციური სამართალი
653 ## - INDEX TERM--UNCONTROLLED
Uncontrolled term სახელმწიფო სამართალი
653 ## - INDEX TERM--UNCONTROLLED
Uncontrolled term კონსტიტუციონალიზმი
653 ## - INDEX TERM--UNCONTROLLED
Uncontrolled term პარლამენტარიზმი
653 ## - INDEX TERM--UNCONTROLLED
Uncontrolled term აღმასრულებელი ხელისუფლება
700 ## - ADDED ENTRY--PERSONAL NAME
Personal name მაისურაძე, მარინა
Relator term მთარგმნელი
9 (RLIN) 13256
700 ## - ADDED ENTRY--PERSONAL NAME
Personal name მენაღარიშვილი, მაია
Relator term რედაქტორი
9 (RLIN) 16850
942 ## - ADDED ENTRY ELEMENTS (KOHA)
Source of classification or shelving scheme
Koha item type წიგნი
ეგზემპლარები
ჩამოწერის სტატუსი დაკარგული ეგზემპლარის სტატუსი კლასიფიკაციის წყარო ან თაროზე გაწყობის სქემა დაზიანების სტატუსი არ გაიცემა მუდმივი მდებარეობა (დაცვის ადგილი) ამჟამინდელი ადგილსამყოფელი თაროზე განთავსების ადგილი შეძენის თარიღი ღირებულება, შესყიდვის ნორმალური ფასი სრული შენახვის შიფრი შტრიხკოდი ბოლო ოპერაციის თარიღი ეგზემპლარის მიმდევრობითი ნომერი (კეტერი?) ფასის ძალაში შესვლის თარიღი ეგზემპლარის სახეობა საჯარო შენიშვნა
          ბათუმის შოთა რუსთაველის სახელმწიფო უნივერსიტეტის მთავარი ბიბლიოთეკა ბათუმის შოთა რუსთაველის სახელმწიფო უნივერსიტეტის მთავარი ბიბლიოთეკა წიგნსაცავი 2023-02-01 8.00 342.4 შ-16 63586 2023-02-01 63586 2023-02-01 წიგნი 8 ლ.
          ბათუმის შოთა რუსთაველის სახელმწიფო უნივერსიტეტის მთავარი ბიბლიოთეკა ბათუმის შოთა რუსთაველის სახელმწიფო უნივერსიტეტის მთავარი ბიბლიოთეკა წიგნსაცავი 2023-02-01 8.00 342.4 შ-16 63587 2023-02-01 63587 2023-02-01 წიგნი 8 ლ.